| 000 | 00604nam a2200205 a 4500 | ||
|---|---|---|---|
| 005 | 20240210063846.0 | ||
| 008 | 160210s2014 ag r 000 0 spa d | ||
| 020 | _a9789871826841 | ||
| 035 | _aUPN01000208092 | ||
| 049 | _aCG | ||
| 050 | 4 |
_aHD30.2 _bB4.4 |
|
| 100 | 1 |
_aBelly, Pablo _938374 |
|
| 245 | 1 | 0 |
_aImplementación de la gestión del conocimiento / _cPablo Belly. |
| 260 |
_aBuenos Aires : _c2014. _bTemas, |
||
| 300 |
_a224 p. : _bil., cuadros |
||
| 440 | 0 |
_aGestión del conocimiento. _pNivel medio |
|
| 650 | 4 |
_aAdministración del conocimiento _9495 |
|
| 905 | _aLibro | ||
| 999 |
_c180193 _d180193 |
||